Statistics for Percy Jackson Last Names

Click here to take the quiz!

General Stats

  • This quiz has been taken 249 times
  • The average score is 12 of 15

Answer Stats

Hint Answer % Correct
PercyJackson
100%
AnnabethChase
99%
GroverUnderwood
96%
JasonGrace
93%
PiperMcLean
91%
LeoValdez
91%
RachelDare
90%
FrankZhang
84%
LukeCastellan
82%
HazelLevesque
76%
CharlesBeckendorf
72%
SelenaBeauregard
56%
MichaelYew
54%
JakeMason
46%

Score Distribution

Percentile by Number Answered

Percent of People with Each Score

Your Score History

You have not taken this quiz